Normale Ansicht MARC-Ansicht ISBD

Baustart verzögert sich. (Titelsatznr. 371606)

[ MARC ]
MARC-Details
000 -Satzkennung
Kontrollfeld mit fester Länge 00727nam a22001817a 4500
008 - Feld mit fester Länge zur physischen Beschreibung - Allgemeine Angaben
Kontrollfeld mit fester Länge 201127b ||||| |||| 00| 0 eng d
040 ## - Katalogisierungsquelle
Original-Katalogisierungsstelle DE-2950
Katalogisierungssprache ger
Übertragungsstelle DE-2950
Beschreibungsfestlegungen rda
041 ## - Sprachcode
Sprachcode des Textes/der Tonspur oder des separaten Titels ger
245 ## - Titel
Haupttitel Baustart verzögert sich.
Titelzusatz Hochwasserschutz: Während in Slubice die Deichbauarebiten voranschreiten, lassen die Maßnahmen in Frankfurt auf sich warten /
Verantwortlichkeitsangabe Thomas Gutke und Jacqueline Westermann
264 ## - Veröffentlichungsangabe, Vertriebsangabe, Herstellungsangabe
Erscheinungs-, Vertriebs-, Herstellungsdatum 2022
653 ## - Lokales Schlagwort
Nicht-normierter Term Frankfurt (Oder)
653 ## - Lokales Schlagwort
Nicht-normierter Term Hochwasserschutz
773 ## - Übergeordnete Einheit
Ort, Verlag und Erscheinungsjahr Frankfurt (Oder) Märkisches Verlags- und Druckhaus GmbH & Co KG
Titel Märkische Oderzeitung
Verknüpfungsangaben 33. Jahrgang (2022) Nr. 108 vom 10.05.2022, S. 9 + 1
942 ## - Zusätzliche Felder (Koha)
Koha-Medientyp Aufsätze

Keine Exemplare verfügbar.